000 00676nam a22001577a 4500
999 _c61102
_d61102
005 20231219154938.0
008 231219s1984 ru ||||| |||| 00| 0 rus d
041 _arus
080 _a008(5+540) Д-73
245 _aДревние культуры Средней Азии и Индии /
_cАкадемия наук СССР. Институт археологии.
264 _aЛ.:
_bНаука,
_c1984.
300 _a188 с.:
_bил.;
_c22 см.
653 _aარქეოლოგია
653 _aცენტრალური აზიისა და ინდოეთის უძველესი კულტურები
942 _2udc
_cᲬᲘᲒᲜᲘ